| 000 | 01430nam2a2200229 4500 | ||
|---|---|---|---|
| 001 | rc\2654788 | ||
| 005 | 20260315043336.0 | ||
| 035 | _a(NLR Aleph) 006962103 | ||
| 090 |
_a13564370 _c13564370 |
||
| 100 | _a20110614d1931 u y0rusy50 ca | ||
| 101 | 0 | _arus | |
| 102 | _aRU | ||
| 105 | _ay z ||||| | ||
| 200 | 1 |
_aМногоскоростные асинхронные моторы как привод рудничных установок _e(Моторы с переключением полюсов) |
|
| 210 | _d1931 | ||
| 461 | 0 |
_1001rc\2654787 _12001#$a[Лекции]$eЛекции 1, 5-6$fТомск. радиоцентр. Раб. ун-т по радио. Курсы по повышению квалификации угольной промышленности$vЛекция 1 _95354730 _aКурсы по повышению квалификации административно- и инженерно-технического персонала угольной промышленности (Томск) _cТомск _d1931 _fТомск. радиоцентр. Раб. ун-т по радио. Курсы по повышению квалификации угольной промышленности _nБ. и. _oЛекции 1, 5-6 _t[Лекции] _vЛекция 1 |
|
| 700 | 1 |
_aБредихин _bА.Н. |
|
| 801 | 0 |
_aRU _bNLR _gpsbo |
|
| 801 | 1 |
_aRU _bELAR _2rusmarc |
|
| 852 |
_aNLR _j32-17/177 |
||
| 942 | _cUNSPEC | ||
| 980 | _aNB | ||